In-Situ remediation of Arsenic-contaminated sites

Uloženo v:
Podrobná bibliografie
Hlavní autoři: Bundschuh, Jochen (Autor), Hollander, Hartmut M (Autor), Qiying Ma, Lena (Autor)
Médium: Kniha
Jazyk:angličtina
Vydáno: Leiden CRC Press - Balkema 2015
Vydání:1a. ed
Edice:Arsenic in the Environment, 6
Témata:
Tagy: Přidat tag
Žádné tagy, Buďte první, kdo vytvoří štítek k tomuto záznamu!

MARC

LEADER 00000cam a2200000 a 4500
001 UCC5149
003 CL-VaPUC
008 180927e20150000ne |||||||||||||||||eng|d
020 |a 9780415620857 
082 0 4 |a 628.16836  |b BUN  |2 21 
100 0 |a Bundschuh, Jochen  |e author  |9 599403 
700 0 |a Hollander, Hartmut M  |e author  |9 599404 
700 0 |a Qiying Ma, Lena  |e author  |9 599405 
245 1 0 |a In-Situ remediation of Arsenic-contaminated sites 
250 |a 1a. ed 
300 |a 167 p 
942 |c BK 
945 |d 20180927 22:58:00  |a dcastane 
260 |a Leiden  |b CRC Press - Balkema  |c 2015 
650 7 |a INGENIERIA SANITARIA  |2 CL-VaPUC  |9 262866 
650 7 |a TRATAMIENTO DE AGUAS RESIDUALES  |2 CL-VaPUC  |9 599406 
650 7 |a DESECHOS QUIMICOS  |2 CL-VaPUC  |9 599407 
650 0 |a Arsénico  |9 359517 
583 |a last modification  |c 20180927 22:58:00  |k Rodrigo Vera 
490 0 |a Arsenic in the Environment, 6 
999 |c 372424  |d 372422 
952 |0 0  |1 0  |3 erd  |4 0  |6 628_168360000000000_BUN_2015  |7 0  |8 A  |9 490080  |a BIBAGR  |b BIBAGR  |i 5501806  |l 1  |o 628.16836 BUN 2015  |p 5501806  |r 2025-01-20  |s 2024-08-08  |w 2019-11-24  |y BK  |z Catalogado en:20180927  |k AGR